Cumbria Train Stations - Statistics

General Stats
  • This quiz has been taken 63 times
  • The average score is 21 of 46
Answer Stats
Station % Correct
Carlisle
93%
Barrow-in-Furness
89%
Whitehaven
84%
Penrith North Lakes
82%
Kendal
78%
Workington
76%
Oxenholme Lake District
71%
Windermere
69%
Maryport
60%
Ulverston
60%
Aspatria
58%
Seascale
56%
Grange-over-Sands
53%
Millom
53%
Arnside
51%
St Bees
51%
Kirkby-in-Furness
49%
Dalton
47%
Sellafield
47%
Ravenglass
44%
Askam
42%
Bootle
42%
Wigton
42%
Brampton
38%
Dalston
38%
Drigg
38%
Foxfield
38%
Appleby
36%
Kirkby Stephen
36%
Kents Bank
33%
Roose
33%
Cark & Cartmel
31%
Staveley
31%
Flimby
29%
Langwathby
29%
Corkickle
27%
Parton
27%
Armathwaite
24%
Braystones
24%
Burneside
24%
Green Road
24%
Harrington
24%
Lazonby & Kirkoswald
24%
Silecroft
24%
Wetheral
24%
Nethertown
22%
No matching quizzes found
Score Distribution
Percent of People with Each Score
Percentile by Number Answered
Your Score History
You have not taken this quiz